CS:GO and CS2 Major Winners and Runner-up - Statistics

General Stats
  • This quiz has been taken 504 times
    60 since last reset
  • The average score is 230 of 276
Answer Stats
Event Answer % Correct
ELEAGUE Atlanta 2017 | FACEIT London 2018 | IEM Katowice 2019 | StarLadder Berlin 2019 Winning Team Astralis
100%
Team Runner-Up | Winning Team FaZe Clan
100%
Player 1st (MVP) | Player 2nd Jame
100%
Team Runner-Up | Winning Team Natus Vincere
100%
IEM Rio 2022 Winning Team Outsiders
100%
BLAST.tv Paris 2023 Winning Team Team Vitality
100%
EMS One Katowice 2014 Team Runner-Up | Winning Team Virtus.pro
100%
BLAST.tv Austin 2025 | Starladder Budapest 2025 Winning Team Vitality
100%
Player 1st | Player 2nd apEX
96%
Player 1st ApEX
96%
Player 1st | Player 2nd B1T
96%
Player 1st b1t
96%
Player 1st | Player 2nd broky
96%
Player 1st | Player 1st (MVP) dev1ce
96%
Player 1st dupreeh
96%
Dreamhack Winter Jönköping 2013 | ESL One Cologne 2015 | ESL One Katowice 2015 Team Runner-Up | Winning Team Fnatic
96%
PGL Kraków 2017 Winning Team Gambit Esports
96%
Player 1st | Player 2nd karrigan
96%
Player 1st | Player 1st (MVP) Magisk
96%
Team Runner-Up | Winning Team Ninjas in Pyjamas
96%
Player 1st | Player 2nd ropz
96%
Player 1st (MVP) | Player 2nd s1mple
96%
Team Runner-Up | Winning Team Team EnVyUs
96%
Perfect World Shanghai 2024 Winning Team Team Spirit
96%
Player 1st | Player 2nd Twistzz
96%
Player 1st (MVP) ZywOo
96%
Player 1st | Player 2nd Aleksib
92%
Player 1st | Player 2nd Boombl4
92%
Player 1st chopper
92%
ELEAGUE Boston 2018 Winning Team Cloud9
92%
Player 1st (MVP) donk
92%
Player 2nd electronic
92%
Player 1st | Player 2nd electroNic
92%
Player 1st FalleN
92%
Player 1st | Player 1st (MVP) | Player 2nd flusha
92%
Player 1st | Player 2nd iM
92%
Player 1st (MVP) jL
92%
Player 1st magixx
92%
Player 1st | Player 1st (MVP) | Player 2nd olofmeister
92%
Player 1st (MVP) | Player 2nd pashaBiceps
92%
Player 1st (MVP) | Player 2nd rain
92%
ESL One Cologne 2016 Winning Team SK Gaming
92%
Player 1st | Player 2nd Snax
92%
Player 1st (MVP) tarik
92%
Player 1st Xyp9x
92%
Player 1st zont1x
92%
Player 1st (MVP) coldzera
88%
Player 1st Dosia
88%
Player 1st flameZ
88%
Player 2nd frozen
88%
Team Runner-Up G2
88%
Player 1st gla1ve
88%
Player 2nd GuardiaN
88%
Player 2nd huNter-
88%
Player 1st | Player 1st (MVP) | Player 2nd JW
88%
MLG Columbus 2016 Winning Team Luminosity Gaming
88%
Player 1st | Player 2nd NEO
88%
Player 2nd NiKo
88%
Player 1st sh1ro
88%
Player 1st Spinx
88%
Player 1st Stewie2K
88%
Player 1st | Player 2nd TaZ
88%
Player 1st w0nderful
88%
Player 1st | Player 2nd Zeus
88%
Player 1st fer
84%
Player 2nd flamie
84%
Team Runner-Up GamerLegion
84%
Player 1st | Player 2nd GeT_RiGhT
84%
Player 1st | Player 1st (MVP) | Player 2nd Happy
84%
Player 1st HObbit
84%
Player 2nd jcobbb
84%
Player 1st (MVP) | Player 2nd kennyS
84%
Player 1st mezii
84%
Player 1st | Player 2nd Perfecto
84%
Player 1st Skadoodle
84%
Player 1st TACO
84%
DreamHack Winter Jönköping 2014 Winning Team Team LDLC.com
84%
Player 1st (MVP) | Player 2nd AdreN
80%
Player 1st autimatic
80%
Player 1st | Player 2nd byali
80%
Team Runner-Up ENCE
80%
Player 1st | Player 2nd f0rest
80%
Player 1st FL1T
80%
Player 1st | Player 2nd KRiMZ
80%
Player 1st | Player 2nd pronax
80%
Player 1st shox
80%
Player 2nd EliGE
76%
Player 1st fame
76%
Player 1st | Player 2nd kioShiMa
76%
Player 1st (MVP) Kjaerbye
76%
Player 1st | Player 2nd NBK
76%
Team Runner-Up Team Liquid
76%
Player 2nd AmaNEk
72%
Player 2nd cadiaN
72%
Player 2nd Edward
72%
Player 1st fnx
72%
Team Runner-Up Heroic
72%
Team Runner-Up AVANGAR
68%
Player 1st (MVP) | Player 2nd friberg
68%
Player 2nd JaCkz
68%
Player 1st n0rb3r7
68%
Player 2nd nexa
68%
Player 2nd qikert
68%
Player 1st Qikert
68%
Player 1st RUSH
68%
Player 1st SmithZz
68%
Player 2nd allu
64%
Player 1st Devilwalk
64%
Player 1st | Player 2nd Fifflaren
64%
Team Runner-Up Immortals
64%
Player 1st mou
64%
Player 2nd sergej
64%
Player 1st | Player 2nd Xizt
64%
Player 2nd 910
60%
Player 2nd bLitz
60%
Player 2nd Hiko
60%
Player 2nd Jabbi
60%
Player 1st schneider
60%
Player 2nd seized
60%
Player 2nd Senzu
60%
Player 2nd stavn
60%
Player 2nd Techno
60%
Team Runner-Up The MongolZ
60%
Player 2nd HEN1
56%
Player 2nd LUCAS1
56%
Player 2nd nitr0
56%
Player 2nd sjuush
56%
Player 2nd TeSeS
56%
Player 2nd mzinho
52%
Player 2nd acoR
48%
Player 2nd boltz
48%
Player 2nd buster
48%
Player 2nd siuhy
48%
Player 2nd xseven
48%
Player 2nd jdm64
44%
Player 2nd Maikelele
44%
Player 2nd Aerial
40%
Player 2nd kNg
40%
Player 2nd Keoz
36%
Player 2nd Sanji
36%
Player 2nd isak
32%
Player 2nd steel
32%
No matching quizzes found
Score Distribution
Percent of People with Each Score
Percentile by Number Answered
Your Score History
You have not taken this quiz since the last reset